000 00597nam a2200181Ia 4500
008 100920s9999 xx 000 0 und d
082 _b49717
_a891.463.1 थ 68
100 _aपै शिरीष.
245 _aसंधिप्रकाश.
260 _bग.पां. परचुरे प्रकाशन मन्दिर, मुंबई 4.
_c1968
300 _a148
_bसाधी
365 _b10
520 _aलघुकथा.
630 _aसंधिप्रकाश.
650 _aलघुकथा.
730 _aसंधिप्रकाश.
942 _cBOOK
999 _c696190
_d696187